ბათუმის შოთა რუსთაველის სახელმწიფო უნივერსიტეტის ბიბლიოთეკა

პოეტიკა / (ბიბ.ჩანაწერი № 58824)

000 -ლიდერი
ფიქსირებული სიგრძის საკონტროლო ველი 00943nam a22002177a 4500
003 - საკონტროლო ნომრის იდენტიფიკატორი
საკონტროლო ველი Ge_BSU
005 - ბოლო ოპერაციის თარიღი და დრო
საკონტროლო ველი 20221005150543.0
008 - ფიქსირებული სიგრძის მონაცემთა ელემენტები - ზოგადი ინფორმაცია
ფიქსირებული სიგრძის საკონტროლო ველი 221005s1979 ge ||||| |||| 00| 0 geo d
041 ## - ენის კოდი
Language code of text/sound track or separate title geo
080 ## - უნივერსალური ათობითი კლასიფიკაციის ინდექსი
Universal Decimal Classification number 801.6 ა-81
100 ## - მთავარი ჩანაწერი - პიროვნების სახელი
Personal name არისტოტელე
9 (RLIN) 11894
245 ## - ცნობა სათაურის შესახებ
Title პოეტიკა /
Statement of responsibility, etc წინასიტყვ. თარგმ. და კომენტარები ს. დანელიასი.
250 ## - გამოცემის ცნობა
Edition statement მე-2 გამოც.
264 ## - წარმოების, გამოცემის, დისტრიბუციის და სხვა ცნობები
გამოცემის, წარმოების, დისტრიბუციის... ადგილი თბ. :
გამოცემის, წარმოების, დისტრიბუციის... სახელწოდება განათლება,
გამოცემის, წარმოების, დისტრიბუციის... თარიღი 1979.
300 ## - ფიზიკური აღწერა
Extent 223 გვ. :
Other physical details პორტრ. ;
Dimensions 20 სმ.
500 ## - ზოგადი შენიშვნა
General note ადგილებისა და საკუთარი სახელების ნუსხა: გვ. 213-217.
501 ## - შენიშვნა თანმხლებ მასალაზე
With note საგანთა საძიებელი: გვ. 218-222.
653 ## - INDEX TERM--UNCONTROLLED
Uncontrolled term ესთეტიკა.
653 ## - INDEX TERM--UNCONTROLLED
Uncontrolled term პოეზია -- თეორია.
942 ## - ADDED ENTRY ELEMENTS (KOHA)
Source of classification or shelving scheme
Koha item type წიგნი
ეგზემპლარები
ჩამოწერის სტატუსი დაკარგული ეგზემპლარის სტატუსი კლასიფიკაციის წყარო ან თაროზე გაწყობის სქემა დაზიანების სტატუსი არ გაიცემა მუდმივი მდებარეობა (დაცვის ადგილი) ამჟამინდელი ადგილსამყოფელი თაროზე განთავსების ადგილი შეძენის თარიღი ღირებულება, შესყიდვის ნორმალური ფასი სრული შენახვის შიფრი შტრიხკოდი ბოლო ოპერაციის თარიღი ეგზემპლარის მიმდევრობითი ნომერი (კეტერი?) ფასის ძალაში შესვლის თარიღი ეგზემპლარის სახეობა საჯარო შენიშვნა
          ბათუმის შოთა რუსთაველის სახელმწიფო უნივერსიტეტის მთავარი ბიბლიოთეკა ბათუმის შოთა რუსთაველის სახელმწიფო უნივერსიტეტის მთავარი ბიბლიოთეკა წიგნსაცავი 2022-10-05 3.16 801.6 ა-81 28593 2022-10-05 28593 2022-10-05 წიგნი 3 ლ. 16 თ.
          ბათუმის შოთა რუსთაველის სახელმწიფო უნივერსიტეტის მთავარი ბიბლიოთეკა ბათუმის შოთა რუსთაველის სახელმწიფო უნივერსიტეტის მთავარი ბიბლიოთეკა წიგნსაცავი 2022-10-05 3.16 801.6 ა-81 00526 2022-10-05 00526 2022-10-05 ქსეროასლი 7 ლ. 55 თ.